000 02555nam0a22003131 4500
001 v19\rc\1280119
005 20250618010711.0
035 _a(NLR Aleph) 004430639
090 _a4262526
_c4262526
100 _a20060306d1832 |||y0rusy50 ca
101 0 _arus
102 _aRU
105 _ay z |||||
200 1 _aПоложение для управления вотчин графини Строгановой, урожденной княжны Голицыной, составленное самой помещицей
210 _aСанкт-Петербург
_cтип. вдовы Плюшар
_d1832
215 _a[47] с.
_d35
311 _aВторое дополнение к Положению..., составленному самой помещицей в 1832 году.-[Спб., 1832]
311 _aДополнение четвертое к Положению об управлении вотчинами графини Софии Владимировны Строгановой... составленному самой помещицей ноября 7 дня 1832 года.-[Спб., 1832]
421 0 _11010#$arus
_12001#$aВторое дополнение к Положению..., составленному самой помещицей в 1832 году
_1210##$a[Санкт-Петербург$d1832]
_1215##$a[4] с.
_tВторое дополнение к Положению..., составленному самой помещицей в 1832 году
421 0 _11010#$arus
_12001#$aДополнение четвертое к Положению об управлении вотчинами графини Софии Владимировны Строгановой... составленному самой помещицей ноября 7 дня 1832 года
_1210##$a[Санкт-Петербург$d1832]
_1215##$a[1] с.
_1899##$aНБ СПбГУ
_tДополнение четвертое к Положению об управлении вотчинами графини Софии Владимировны Строгановой... составленному самой помещицей ноября 7 дня 1832 года
700 1 _4220
_7ca
_8rus
_aСтроганова
_bС. В.
_f1775-1845
_gСофья Владимировна
_9186574
_3RU\NLR\AUTH\770186625
801 0 _aRU
_bNLR
_gpsbo
801 0 _aRU
_bRuMoRGB
_2psbo
801 1 _aRU
_bProSoft-M
_2rusmarc
852 _aNLR
_j18.107.1.279
899 _aБАН (без доп.)
899 _aНБ СПбГУ (без второго доп.)
942 _cBOOK
980 _aNB